|
|
|
|
| LEADER |
01102nam a2200253 a 4500 |
| 008 |
100429s1986 si 001 0 eng d |
| 020 |
|
|
|a 0070991650
|
| 040 |
|
|
|a BD-DhAAL
|c BD-DhAAL
|d BD-DhAAL
|
| 082 |
0 |
0 |
|a 515/.723
|2 22
|
| 999 |
|
|
|c 8333
|d 8333
|
| 999 |
|
|
|c 8333
|
| 100 |
1 |
|
|a Spiegel,Murray R.
|9 16045
|
| 245 |
1 |
2 |
|a Schaum's outline of thoery and problems of laplace transforms /
|c Murray R Spiegel.
|
| 260 |
|
|
|a Singapore :
|b McGraw-Hill ,
|c 1986
|
| 300 |
|
|
|a 261 p. :
|b ill. ;
|c 28 cm.
|
| 490 |
0 |
|
|a Schaum's outline series.
|
| 500 |
|
|
|a On spine:
|
| 504 |
|
|
|a Includes index.
|
| 541 |
1 |
|
|e 00011509
|
| 650 |
|
0 |
|a Laplace transformation
|9 16046
|
| 852 |
4 |
|
|a Ayesha Abed Library
|j General shelf
|
| 942 |
0 |
0 |
|0 1
|2 ddc
|c BK
|
| 952 |
|
|
|0 0
|1 4
|2 ddc
|4 0
|6 515_723000000000000_SPI
|7 0
|9 9594
|a BRACUL
|b BRACUL
|c GEN
|d 2010-04-29
|l 0
|o 515.723 SPI
|p 3010011509
|r 2010-04-29
|t 1
|w 2010-04-29
|y BK
|x Koha Inventory 2020
|
| 952 |
|
|
|0 0
|1 0
|2 ddc
|4 0
|6 515_723000000000000_SPI
|7 0
|9 18179
|a BRACUL
|b BRACUL
|c GEN
|d 2011-09-24
|e Shaurav Publishers and Distributors
|g 450.00
|l 34
|m 236
|o 515.723 SPI
|p 3010023468
|r 2026-05-15
|s 2026-05-12
|t 2
|w 2011-09-24
|y BK
|